000 00911nam a22002657a 4500
001 sjds170168
003 sjds
005 20170722141809.0
008 170722b azu||||| |||| 00| 0 eng d
020 _a9780965292085 (pbk.)
020 _a0965292088 (pbk.)
040 _csjds
041 _aspa
_aeng
100 1 _aRetana, Maria Luisa
245 1 3 _aEl cerdo que no es cerdo =
_bThe pig that is not a pig
_ccuento por/story by MarĂ­a Luisa Retana ; cuento por/illustrated by Marian Weaver
246 _aThe pig that is not a pig
246 _aEl cerdo que no es cerdo
260 _aBisbee, Ariz. :
_bHigh Desert Productions,
_cc2004.
300 _a1 volume (unpaged) :
_billustrations ;
_c22 x 29 cm
500 _aText in English and Spanish.
520 _aTravel through a typical day with a mother javelina and her offspring.
521 _a5-10 anos.
700 1 _aWeaver, Marian
942 _cBK
999 _c18632
_d18632